000 00397nam a22001697a 4500
005 20160621111724.0
008 160621b xxu||||| |||| 00| 0 eng d
020 _a978-81-317-1683-0
041 _aeng
082 _b8685
100 _aKother, Philip and Keller Kuvin Lane
_92368
245 _aMarketing Management
260 _bPHI
300 _a662
650 _aManagement
_9241
942 _cBK
999 _c3350
_d3349